Vplyv fenoménu informačného ukotvenia na proces rozhodovania - experimentálna štúdia

Efekt informačného ukotvenia v procese rozhodovania. Efekt ukotvenia v ekonomickom kontexte. Experimentálny dizajn.

Saved in:
Bibliographic Details
Main Author: Markovič, Peter, 1974-
Other Authors: Šinský, Michal, Šinský, Peter
Format: Book Chapter
Language:Slovak
Subjects:
Tags: Add Tag
No Tags, Be the first to tag this record!

MARC

LEADER 00000naa a2200000 4500
001 0120225
005 20240502072339.1
041 0 |a slo 
044 |a SK 
245 1 0 |a Vplyv fenoménu informačného ukotvenia na proces rozhodovania - experimentálna štúdia  |c Peter Markovič, Michal Šinský, Peter Šinský 
520 |a Efekt informačného ukotvenia v procese rozhodovania. Efekt ukotvenia v ekonomickom kontexte. Experimentálny dizajn. 
610 2 0 |a procesy rozhodovacie 
610 2 0 |a hypotézy 
610 2 0 |a predvídanie 
610 2 0 |a spracovanie dát 
610 2 0 |a informácie 
610 2 0 |a dizajn 
610 2 0 |a testovanie hypotéz 
100 1 |a Markovič, Peter, 1974- 
700 1 |a Šinský, Michal 
700 1 |a Šinský, Peter